000 00587nam a2200229Ia 4500
003 OSt
005 20220918185134.0
006 a|||||r|||| 00| 0
007 ta
008 220917b |||||||| |||| 00| 0 eng d
024 _a49,766
037 _cTextual
040 _aARTS
_cARTS
_beng
041 _2eng
_aeng
082 _aP:28, K6
100 _aKoutsoudas Andreas
_966305
245 0 _aWriting transformational grammars
_b an introduction
260 _c1966
650 _aLINGUISTICS
942 _hP:28, K6
_cTEXL
_2CC
999 _c179388
_d179388